Normal view MARC view

Entry Personal Name

Number of records used in: 2

001 - CONTROL NUMBER

  • control field: 102

003 - CONTROL NUMBER IDENTIFIER

  • control field: DLC

005 - DATE AND TIME OF LATEST TRANSACTION

  • control field: 20191106140529.0

008 - FIXED-LENGTH DATA ELEMENTS

  • fixed length control field: 810217n| azannaabn |a aaa

010 ## - LIBRARY OF CONGRESS CONTROL NUMBER

  • LC control number: n 50083202

035 ## - SYSTEM CONTROL NUMBER

  • System control number: (OCoLC)oca00116635

035 ## - SYSTEM CONTROL NUMBER

  • System control number: (Uk)000201194

040 ## - CATALOGING SOURCE

  • Original cataloging agency: DLC
  • Language of cataloging: eng
  • Transcribing agency: DLC
  • Modifying agency: DLC
  • Modifying agency: OCoLC
  • Modifying agency: Uk
  • Description conventions: rda
  • Modifying agency: DLC
  • Modifying agency: DLC

046 ## - SPECIAL CODED DATES

  • Birth date: 1838
  • Death date: 1894
  • Source of date scheme: edtf

053 #0 - LC CLASSIFICATION NUMBER

  • Classification number element--single number or beginning number of span: PK1718.C43

100 1# - HEADING--PERSONAL NAME

  • Personal name: Caṭṭopādhyāẏa, Baṅkimacandra,
  • Dates associated with a name: 1838-1894

375 ## - GENDER

  • Gender: Males
  • Source of term: lcdgt

377 ## - ASSOCIATED LANGUAGE

  • Language code: ben

400 1# - SEE FROM TRACING--PERSONAL NAME

  • Personal name: Chattāradh-yāya, Bankimachandra,
  • Dates associated with a name: 1838-1894

400 1# - SEE FROM TRACING--PERSONAL NAME

  • Personal name: Chatterjee, Bankim Chandra,
  • Dates associated with a name: 1838-1894

400 1# - SEE FROM TRACING--PERSONAL NAME

  • Personal name: Chatterji, Bankimcandra,
  • Dates associated with a name: 1838-1894

400 1# - SEE FROM TRACING--PERSONAL NAME

  • Personal name: Chatterji, Bankimchandra,
  • Dates associated with a name: 1838-1894

400 1# - SEE FROM TRACING--PERSONAL NAME

  • Personal name: Chattopadhyay, Bankimchandra,
  • Dates associated with a name: 1838-1894

400 1# - SEE FROM TRACING--PERSONAL NAME

  • Personal name: Chaṭṭopādhyāya, Bankima-chandra,
  • Dates associated with a name: 1838-1894

400 1# - SEE FROM TRACING--PERSONAL NAME

  • Personal name: Chottopaddkhaĭ, Bonkimchondro,
  • Dates associated with a name: 1838-1894

400 0# - SEE FROM TRACING--PERSONAL NAME

  • Personal name: Bunkim Chandra,
  • Dates associated with a name: 1838-1894

400 0# - SEE FROM TRACING--PERSONAL NAME

  • Personal name: Baṅkimacandra Caṭṭopādhyāẏa,
  • Dates associated with a name: 1838-1894

400 0# - SEE FROM TRACING--PERSONAL NAME

  • Personal name: Rishi Bankim Chandra,
  • Dates associated with a name: 1838-1894

400 1# - SEE FROM TRACING--PERSONAL NAME

  • Control subfield: nnea
  • Personal name: Chatterji, Bankim Chandra,
  • Dates associated with a name: 1838-1894

400 1# - SEE FROM TRACING--PERSONAL NAME

  • Personal name: Chattopadhayay, Bankimchandra,
  • Dates associated with a name: 1838-1894

670 ## - SOURCE DATA FOUND

  • Source citation: Author's Dawn over India, 1941.

670 ## - SOURCE DATA FOUND

  • Source citation: Das, S.K. The artist in chains, 1984:
  • Information found: t.p. (Bankimchandra Chatterji)

670 ## - SOURCE DATA FOUND

  • Source citation: Raychaudhuri, T. Europe reconsidered, 1988:
  • Information found: p. vii (Bankimchandra Chattopadhyay)

670 ## - SOURCE DATA FOUND

  • Source citation: Debi Chaudhurani, or, the wife who came home, 2009:
  • Information found: ECIP t.p. (Bankimcandra Chatterji)

670 ## - SOURCE DATA FOUND

  • Source citation: Equality = Samya, 2009:
  • Information found: title page (Bankimchandra Chattopadhayay)

Powered by Koha